Specification for rubber hot-water bottles (Record no. 73589)

MARC details
000 -LEADER
fixed length control field 00376nam a2200133Ia 4500
245 #0 - TITLE STATEMENT
Title Specification for rubber hot-water bottles
260 ## - PUBLICATION, DISTRIBUTION, ETC. (IMPRINT)
Place of publication New Delhi
260 ## - PUBLICATION, DISTRIBUTION, ETC. (IMPRINT)
Year of publication 1961
Name of publisher ISI
490 ## - SERIES STATEMENT
Series statement Medical Rubber Goods Sumcommittee, CDC 6:7
500 ## - GENERAL NOTE
General note Standard number: IS 1867
650 ## - SUBJECT ADDED ENTRY--TOPICAL TERM
Topical Term Rubber goods, Medical
942 ## - ADDED ENTRY ELEMENTS (KOHA)
Koha item type Standards
Holdings
Withdrawn status Lost status Damaged status Not for loan Home library Current library Date acquired Koha item type
      Standards RRII Library RRII Library 31/12/2021 Standards